000 00526nam a2200181 i 4500
001 26427
003 ES-MaACL
005 20230906153436.0
007 t|
008 030109s1966 sp ||||1| cat d
100 1 _aArtís-Gener, Avel.lí.
_923492
245 1 4 _aLes dues funcions del circ /
_cAveli Artis Gener ; prolèg de Doménec Guansé.
250 _a[1ª ed.].
260 _aBarcelona :
_bPróa,
_c1966.
300 _a263 p. ;
_c17 cm.
700 1 _aGuansé, Domènec.
_960300
852 _aES-MaACL
_jC-30609
_bR.70025
999 _c26427
_d26427